Be Joyful (Record no. 9052)
[ view plain ]
| 000 -LEADER | |
|---|---|
| fixed length control field | 00566nam a2200229 a 4500 |
| 020 ## - INTERNATIONAL STANDARD BOOK NUMBER | |
| ISBN | |
| 082 00 - DEWEY DECIMAL CLASSIFICATION NUMBER | |
| Classification number | 227.6 |
| Author Cutter | WIE |
| 100 ## - MAIN ENTRY--AUTHOR NAME | |
| Author name | Wiesbe, Warren W |
| 245 ## - TITLE STATEMENT | |
| Title | Be Joyful |
| Sub title | It Beats Being Happy |
| 260 ## - PUBLICATION, DISTRIBUTION, ETC. (IMPRINT) | |
| Place of publication | U S A |
| Name of publisher | Victor Books |
| Year of publication | 1981 |
| 300 ## - PHYSICAL DESCRIPTION | |
| Number of Pages | 130p |
| 500 ## - GENERAL NOTE | |
| General note | includes index and biblioraphy |
| 650 ## - SUBJECT ADDED ENTRY--TOPICAL TERM | |
| Topical Term | Bible N.T. Epistles Philippians |
| 942 ## - ADDED ENTRY ELEMENTS (KOHA) | |
| Koha item type | Books |
| 700 1# - | |
| -- | Wiesbe, Warren W |
| Collection code | Home library | Current library | Date acquired | Cost, normal purchase price | Full call number | Accession Number | Koha item type |
|---|---|---|---|---|---|---|---|
| Henry Martyn Institute Library | Henry Martyn Institute Library | 09/10/2008 | 50.00 | 227.6 WIE | 010244 | Books |
